RECENT advances in the development and germination of seeds

Bibliographic Details
Corporate Authors: North Atlantic Treaty Organization, North Atlantic Treaty Organization. Scientific Affairs Division
Other Authors: Taylorson
Format: Book
Published: New York : Plenum Press , 989
Series:NATO ASI series. Series A, Life sciences; v. 187
Subjects:

MARC

LEADER 00000cam a2200000 7i4500
001 0000000416
005 20000810.0
020 0 0 |a 0306435217 
090 0 0 |a 582.0467   |b REC 1989 
245 0 0 |a RECENT advances in the development and germination of seeds   |c edited by Raymond B. Taylorson. 
260 0 0 |a New York :   |b Plenum Press ,   |c 989 
300 |a viii, 295 p. :   |b ill. ;   |c 26 cm. 
440 0 0 |a NATO ASI series. Series A, Life sciences; v. 187 
650 0 0 |a Germination   |x Congresses 
650 0 0 |a Seeds   |x Development   |x Congresses 
700 0 1 |a Taylorson   |h Raymond B. 
710 1 1 |a North Atlantic Treaty Organization 
710 1 1 |a North Atlantic Treaty Organization. Scientific Affairs Division 
999 |a 0000000694   |b Monograph   |c Open Shelf   |e Default branch